000 00477nam a2200193Ia 4500
005 20240823043655.0
008 240823s9999||||xx |||||||||||||| ||und||
041 _aENGLISH
082 _A005.453 N8
100 _a"Aho,Alfred V"
245 0 _aPrinciples of Compiler Design
250 _a1st
260 _c1998
_b"Narosa,New Delhi"
500 _aTRANSFERED
650 _aCompilers
_bComputer Applications
700 _a" Ullman,Jeffrey"
942 _cBK
999 _c210775
_d210775